000 01606nab a22002897a 4500
999 _c6334
_d6334
003 OSt
005 20260130211704.0
008 190603e xxum|||| |||| 00| 0 spa d
040 _cPJ
100 _96362
_aBalducci, Carla Gabriela
245 1 0 _aAcuerdos en la indivisión postcomunitaria /
_cCarla G. Balducci.
260 _cCiudad Autónoma de Buenos Aires :
_aThomson Reuters La Ley,
_b2025.
300 _ap. 99-109
500 _aCita: TR LALEY AR/DOC/2269/2025 Publicado en: RCCyC 2025 (Octubre).
505 _aSumario: I. Introducción.— II. Desarrollo.— III. Los acuerdos en la indivisión posganancial y convenio regulador.— IV. Efectos de la separación judicial de bienes. La facultad de celebrar acuerdos.— V. El deber conyugal de información para el otorgamiento de actos que excedan la administración ordinaria. Derecho de oposición.— VI. Medidas precautorias en la indivisión postcomunitaria.— VII. El pasivo durante la indivisión postcomunitaria.— VIII. Conclusiones.
505 _t¿Te interesa el texto completo? Solicitalo al correo: koha@justierradelfuego.gov.ar
650 0 _91497
_aCODIGO CIVIL Y COMERCIAL
650 0 _9967
_aDERECHO DE FAMILIA
650 0 _95328
_aRÉGIMEN DE COMUNIDAD DE BIENES
650 0 _95352
_aSEPARACIÓN DE BIENES
650 0 _93951
_aDEBER DE INFORMACIÓN
650 0 _9962
_aMATRIMONIO
650 0 _92253
_aCONDOMINIO
650 0 _aASENTIMIENTO CONYUGAL
773 0 _02713
_93170
_dCiudad Autónoma de Buenos Aires : Thomson Reuters La Ley, 2015-
_tRevista Código Civil y Comercial. Nº 5 - Octubre 2025
942 _2udc
_cANA